MARC

LEADER 00000nam0a2200000 4500
001 215825
005 20231101230009.0
010 |b 4100 экз. 
035 |a (RuTPU)RU\TPU\book\235772 
090 |a 215825 
100 |a 20120517d1946 k y0rusy50 ca 
101 0 |a rus 
102 |a RU 
105 |a af z 001zy 
200 1 |a Материалы по истории флоры и растительности СССР  |e Вып. 2  |f Академия наук СССР (АН СССР), Ботанический институт им. В. Л. Комарова (БИН) ; гл. ред. акад. В. Л. Комаров 
210 |a Москва  |c Издательство Академии наук СССР  |d 1946  |a Ленинград 
215 |a 558 с.  |c ил. 
320 |a Указатель латинских названий семейств, родов и видов растений: с. 538-558. 
600 1 |a Комаров  |b В. Л.  |c российский ученый, ботаник  |c академик РАН  |c президент АН СССР (с 1936 г.)  |f 1869-1945  |g Владимир Леонтьевич  |2 stltpush  |3 (RuTPU)RU\TPU\pers\17660  |9 6545 
610 1 |a флора 
610 1 |a растительность 
610 1 |a растительный покров 
610 1 |a ботаника 
610 1 |a ботанические исследования 
610 1 |a СССР 
610 1 |a история 
610 1 |a 20 век 
675 |a 581.9  |v 3 
702 1 |a Комаров  |b В. Л.  |c российский ученый, ботаник  |c академик РАН  |c президент АН СССР (с 1936 г.)  |f 1869-1945  |g Владимир Леонтьевич  |2 stltpush  |3 (RuTPU)RU\TPU\pers\17660  |4 340  |9 6545 
712 0 2 |a Академия наук СССР (АН СССР)  |b Ботанический институт им. В. Л. Комарова (БИН)  |c (Санкт-Петербург)  |2 stltpush  |3 (RuTPU)RU\TPU\col\15427 
801 1 |a RU  |b 63413507  |c 20120517 
801 2 |a RU  |b 63413507  |c 20120517  |g RCR 
942 |c BK